Another India: event, memories, people (Record no. 525206)

000 -LEADER
fixed length control field 00389nam a22001337a 4500
020 ## - INTERNATIONAL STANDARD BOOK NUMBER
International Standard Book Number 9789392099748
082 ## - DEWEY DECIMAL CLASSIFICATION NUMBER
Classification number A6x54 G747
100 ## - MAIN ENTRY--PERSONAL NAME
Personal name Gowda, Chandan
9 (RLIN) 43313
245 ## - TITLE STATEMENT
Title Another India: event, memories, people
Statement of responsibility, etc by Chandan Gowda
260 ## - PUBLICATION, DISTRIBUTION, ETC. (IMPRINT)
Place of publication, distribution, etc New Delhi
Name of publisher, distributor, etc Simon & Schuster
Date of publication, distribution, etc 2023
300 ## - PHYSICAL DESCRIPTION
Extent 267p.
650 ## - SUBJECT ADDED ENTRY--TOPICAL TERM
Topical term or geographic name as entry element India- History
9 (RLIN) 43314
650 ## - SUBJECT ADDED ENTRY--TOPICAL TERM
Topical term or geographic name as entry element India - Civilization - History
9 (RLIN) 43315
Holdings
Withdrawn status Lost status Source of classification or shelving scheme Damaged status Koha normalized classification for sorting Not for loan Permanent location Current location Shelving location Date acquired Full call number Barcode Date last seen Price effective from Koha item type
        A_6X54_G747   Indian Institute of Public Administration Indian Institute of Public Administration On Display 2024-02-14 A6x54 G747 89182 2024-02-14 2024-02-14 Book

Powered by Koha